Costos y márgenes en empresas agropecuarias /
Guardado en:
| Autor Principal: | |
|---|---|
| Formato: | Libro |
| Publicado: |
Montevideo :
Hemisferio Sur,
2002
|
| Materias: | |
| Etiquetas: |
Agregar Etiqueta
Sin Etiquetas, Sea el primero en etiquetar este registro!
|
| LEADER | 00709nam a22001935a 4500 | ||
|---|---|---|---|
| 001 | CEM.cems017245 | ||
| 005 | 20110922105132.0 | ||
| 008 | 130507s2002##################000#0#####d | ||
| 003 | CEMS | ||
| 020 | |a 9974645271 | ||
| 082 | 0 | 4 | |a 338.13 |
| 100 | 1 | |a Rivera, Carlos | |
| 245 | 1 | 0 | |a Costos y márgenes en empresas agropecuarias / |c Carlos Rivera |
| 260 | |a Montevideo : |b Hemisferio Sur, |c 2002 | ||
| 300 | |a 88 p. | ||
| 505 | 0 | |a Costos -- Clasificación de costos -- Amortizaciones -- Márgenes -- De producto a insumo -- Registración -- Análisis marginal -- Costos unitarios -- Pequeño glosario | |
| 653 | |a Costos | ||
| 653 | |a Economía agropecuaria | ||
| 859 | |a CEMS |b BIB. CEMS - Agricultura |h 338.13 |i R524 |p A0993.09 |t Ej.1 | ||
